Champions League Finalists - Statistics

General Stats
  • This quiz has been taken 118 times
  • The average score is 35 of 42
Answer Stats
Nation Team Finals First place Second place % Correct
Spain Barcelona 8 5 3
100%
Germany Bayern Munich 11 6 5
100%
Italy Juventus 9 2 7
100%
England Manchester United 5 3 2
100%
Spain Real Madrid 18 15 3
100%
Netherlands Ajax 6 4 2
99%
Portugal Benfica 7 2 5
99%
England Chelsea 3 2 1
99%
Italy Inter Milan 6 3 3
99%
England Liverpool 10 6 4
99%
England Manchester City 2 1 1
99%
Italy Milan 11 7 4
99%
France Paris Saint-Germain 1 0 1
98%
Portugal Porto 2 2 0
97%
England Arsenal 1 0 1
95%
England Aston Villa 1 1 0
95%
England Borussia Dortmund 3 1 2
95%
France Marseille 2 1 1
95%
England Nottingham Forest 2 2 0
94%
Scotland Celtic 2 1 1
93%
Netherlands PSV Eindhoven 1 1 0
92%
Germany Spain Atlético Madrid 3 0 3
88%
Germany Hamburger SV 2 1 1
85%
England Tottenham 1 0 1
85%
Netherlands Feyenoord 1 1 0
83%
Spain Valencia 2 0 2
82%
Italy Roma 1 0 1
80%
Serbia Red Star Belgrade 1 1 0
76%
Romania Steaua București 2 1 1
74%
Germany Bayer Leverkusen 1 0 1
73%
Sweden Malmö FF 1 0 1
72%
France Monaco 1 0 1
67%
Greece Panathīnaïkos 1 0 1
66%
England Leeds United 1 0 1
63%
Italy Fiorentina 1 0 1
60%
France Saint-Étienne 1 0 1
57%
Germany Borussia Mönchengladbach 1 0 1
56%
Germany Eintracht Frankfurt 1 0 1
56%
France Reims 2 0 2
56%
Italy Sampdoria 1 0 1
56%
Serbia Partizan 1 0 1
54%
Belgium Club Bruges 1 0 1
23%
No matching quizzes found
Score Distribution
Percent of People with Each Score
Percentile by Number Answered
Your Score History
You have not taken this quiz